Statistiques concernant Top 15 des villes les plus peuplées de Provence-Alpes-Côte-d'Azur

Cliquez ici pour prendre le quiz!

Statistiques générales

  • Ce quiz a été pris 104 fois
  • Le résultat moyen est 10 sur 15

Statistiques - réponses

PopulationsVilles% Correct
873 076Marseille
99%
348 085Nice
99%
73 255Cannes
91%
180 452Toulon
88%
147 478Aix-en-Provence
83%
90 330Avignon
77%
75 130Antibes
62%
50 415Arles
62%
57 082Fréjus
55%
55 103Hyères
54%
48 568Martigues
47%
47 342Aubagne
46%
62 763La Seyne-sur-Mer
41%
48 323Grasse
40%
52 580Cagnes-sur-Mer
27%

Distribution des résultats

Percentile par nombre de réponses

% des personnes avec chaque résultat

Votre développement - résultats

Vous n’avez pas pris ce quiz